00475nam a2200181Ia 4500999001700000003000400017005001700021008004100038020001800079040000900097082002200106100002200128245003900150260003200189300000900221650001300230942005000243 c28542d28542OSt20210107101505.0190216s9999||||xx |||||||||||||| ||und|| a9788171309214 coclc a894.812301bMUK/K aMukundan, M96509 0aKaikkumbilile Vellam /cM Mukundan bDc Books,aKottayam:c2004. a124p aKathakal cBK2ddch894.812301iMUK/Kk894.812301mMUK/K